000 00290nam a2200121Ia 4500
008 190216s9999||||xx |||||||||||||| ||und||
100 _aMaheswari S N
245 0 _aFinancial Management Principles And Practice
260 _bNull
_c1998
300 _ag.27p
650 _aCommerce
942 _cBK
999 _c5645
_d5645